| 000 | 00542nam a22001937a 4500 | ||
|---|---|---|---|
| 005 | 20260515115055.0 | ||
| 008 | 250304b |||||||| |||| 00| 0 eng d | ||
| 020 | _a978935959987 | ||
| 040 |
_aIN-DiNC _cIN-DiNC |
||
| 041 | _deng | ||
| 082 |
_a050 _bMAT |
||
| 100 |
_aMathew, Mammen _eEditor |
||
| 245 |
_aManorama Yearbook 2025/ _cMammen Mathew and Philip Mathew |
||
| 260 |
_aKerala: _bThe malayala manorana co private limited, _c2025. |
||
| 300 | _a1007p. | ||
| 650 | _aYearbook | ||
| 700 |
_aPhilip Mathew _eEditor |
||
| 942 |
_2ddc _cBK |
||
| 999 |
_c12096 _d12096 |
||